[Event "Manhem Chessweek GM"]
[Site "Idrottsvägen 2, Mölnlycke,"]
[Date "2016.08.17"]
[Round "6.2"]
[White "Rozentalis, Eduardas"]
[Black "Hultin, Johan"]
[Result "1/2-1/2"]
[WhiteElo "2557"]
[BlackElo "2340"]
[PlyCount "79"]
[EventDate "2016.08.13"]

1. e4 c5 2. Nf3 d6 3. Bb5+ Bd7 4. Bxd7+ Qxd7 5. O-O Nf6 6. e5 dxe5 7. Nxe5 Qc8
8. Qf3 Nbd7 9. Nc4 e6 10. Nc3 Nb6 11. Nxb6 axb6 12. d3 Qc6 13. Qe2 Be7 14. a4
O-O 15. b3 Nd5 16. Nxd5 Qxd5 17. Bb2 Rfd8 18. Rae1 Bf8 19. f4 Qd7 20. Rf3 b5
21. axb5 Qxb5 22. Rg3 c4 23. dxc4 Qf5 24. Rf1 Bc5+ 25. Kh1 Bd4 26. Bc1 Bf6 27.
Rd3 Ra2 28. Rxd8+ Bxd8 29. Rd1 Bc7 30. Be3 Rxc2 31. Qf3 h5 32. Qxb7 Bxf4 33.
Qf3 Bxe3 34. Qxe3 e5 35. h3 Qg6 36. Rg1 e4 37. c5 Qf5 38. Re1 Rxc5 39. Qxe4
Qxe4 40. Rxe4 1/2-1/2

[Event "Manhem Chessweek GM"]
[Site "Idrottsvägen 2, Mölnlycke,"]
[Date "2016.08.17"]
[Round "6.3"]
[White "Brüdigam, Martin"]
[Black "Blomqvist, Erik"]
[Result "1/2-1/2"]
[WhiteElo "2405"]
[BlackElo "2557"]
[PlyCount "36"]
[EventDate "2016.08.13"]

1. e4 c5 2. Nf3 e6 3. g3 Nf6 4. Qe2 Nc6 5. Bg2 e5 6. O-O Be7 7. c3 O-O 8. Na3
Re8 9. Nc4 Bf8 10. d3 d5 11. exd5 Nxd5 12. Nfxe5 Nxe5 13. Nxe5 f6 14. Nf7 Qd7
15. Bxd5 Rxe2 16. Nh6+ Kh8 17. Nf7+ Kg8 18. Nh6+ Kh8 1/2-1/2

[Event "Manhem Chessweek GM"]
[Site "Idrottsvägen 2, Mölnlycke,"]
[Date "2016.08.17"]
[Round "6.4"]
[White "Salomon, Johan"]
[Black "Johansson, Linus"]
[Result "1/2-1/2"]
[WhiteElo "2470"]
[BlackElo "2412"]
[PlyCount "103"]
[EventDate "2016.08.13"]

1. e4 e6 2. d4 d5 3. Nd2 c5 4. exd5 exd5 5. Bb5+ Nc6 6. Ngf3 Qe7+ 7. Be2 Qc7 8.
O-O Nf6 9. Re1 Be7 10. dxc5 Bxc5 11. Nb3 Bb6 12. Bd3+ Be6 13. Be3 O-O 14. Qd2
Rad8 15. Bxb6 Qxb6 16. c3 Rfe8 17. h3 h6 18. Nbd4 Bd7 19. Qc2 Rxe1+ 20. Rxe1
Re8 21. Rxe8+ Nxe8 22. Nb3 Nf6 23. Qe2 Be6 24. Nfd4 Nxd4 25. Nxd4 a6 26. Qe5
Nd7 27. Qe3 Nf8 28. Qd2 Qd6 29. Bc2 Bd7 30. Nf3 Bc6 31. Nd4 Ne6 32. Qe3 Nxd4
33. Qxd4 Qe6 34. Qf4 Qe2 35. Qb8+ Qe8 36. Qxe8+ Bxe8 37. f3 Kf8 38. Bb3 Bc6 39.
Kf2 Ke7 40. Ke3 Kd6 41. Kd4 a5 42. a3 b6 43. f4 f6 44. f5 Bb7 45. Bd1 Bc8 46.
g4 Ba6 47. Bf3 Bc4 48. h4 a4 49. Bd1 b5 50. Bf3 Bb3 51. Be2 Bc4 52. Bf3 1/2-1/2

[Event "Manhem Chessweek GM"]
[Site "Idrottsvägen 2, Mölnlycke,"]
[Date "2016.08.17"]
[Round "6.5"]
[White "Greenfeld, Alon"]
[Black "Antonsen, Mikkel"]
[Result "1/2-1/2"]
[WhiteElo "2568"]
[BlackElo "2475"]
[PlyCount "103"]
[EventDate "2016.08.13"]

1. c4 e6 2. g3 d5 3. Bg2 Nf6 4. Nf3 Be7 5. O-O O-O 6. b3 b6 7. cxd5 Nxd5 8. Bb2
Bb7 9. d4 Nd7 10. Re1 N5f6 11. Nc3 c5 12. e4 cxd4 13. Nxd4 Bc5 14. Re2 Qb8 15.
Rd2 Ne5 16. Qe2 a5 17. Rad1 Rc8 18. a3 Ba6 19. Qe1 b5 20. Na2 b4 21. a4 Qb6 22.
Nc1 Rd8 23. h3 Rd7 24. Nb5 Rxd2 25. Rxd2 Nfd7 26. Kh2 Bxb5 27. axb5 Qxb5 28.
Qd1 a4 29. f4 a3 30. Bxe5 Nxe5 31. fxe5 Bf8 32. Qf1 Qxe5 33. Qf4 Qxf4 34. gxf4
e5 35. fxe5 Re8 36. Na2 Rxe5 37. Kg3 g5 38. Kg4 Kg7 39. Kf3 Re6 40. Bf1 Rf6+
41. Kg2 Rf4 42. Rd5 Rxe4 43. Rxg5+ Kf6 44. Rd5 Re1 45. Bc4 Rb1 46. Rd2 Bc5 47.
Kf3 Rh1 48. Rd5 Be7 49. Kg2 Rb1 50. Rd2 Bc5 51. Kf3 Rh1 52. Rd5 1/2-1/2

[Event "Manhem Chessweek GM"]
[Site "Idrottsvägen 2, Mölnlycke,"]
[Date "2016.08.17"]
[Round "7.1"]
[White "Antonsen, Mikkel"]
[Black "Salomon, Johan"]
[Result "0-1"]
[WhiteElo "2475"]
[BlackElo "2470"]
[PlyCount "62"]
[EventDate "2016.08.13"]

1. d4 Nf6 2. c4 c5 3. d5 b5 4. cxb5 a6 5. bxa6 g6 6. Nc3 Bg7 7. e4 O-O 8. Be2
Qa5 9. a7 Nxe4 10. axb8=Q Rxb8 11. Kf1 Nxc3 12. bxc3 Qxc3 13. Bf4 d6 14. Rc1
Qa3 15. Nf3 Qxa2 16. Bc4 Ba6 17. Bxa6 Qxa6+ 18. Kg1 Qa2 19. g3 Rb4 20. Be3 e6
21. dxe6 fxe6 22. Ne1 Bd4 23. Nc2 Bxe3 24. fxe3 Rb2 25. h3 d5 26. Rh2 e5 27.
Rf2 Rxf2 28. Kxf2 d4 29. Kg1 Qb3 30. h4 d3 31. Qf3 Rb1 0-1

[Event "Manhem Chessweek GM"]
[Site "Idrottsvägen 2, Mölnlycke,"]
[Date "2016.08.17"]
[Round "7.2"]
[White "Blomqvist, Erik"]
[Black "Rozentalis, Eduardas"]
[Result "0-1"]
[WhiteElo "2557"]
[BlackElo "2557"]
[PlyCount "48"]
[EventDate "2016.08.13"]

1. c4 e6 2. g3 Nf6 3. Bg2 d5 4. d4 dxc4 5. Nf3 Bd7 6. Ne5 Bc6 7. Nxc6 Nxc6 8.
e3 Qd7 9. O-O O-O-O 10. Nd2 e5 11. Nxc4 h5 12. b4 Qe6 13. Qb3 e4 14. b5 Ne7 15.
Ne5 Ned5 16. f3 exf3 17. Bxf3 h4 18. g4 Bd6 19. e4 Bxe5 20. dxe5 Nxe4 21. Qc2
Qb6+ 22. Kg2 Nec3 23. Bxd5 Nxd5 24. Rxf7 Qd4 0-1

[Event "Manhem Chessweek GM"]
[Site "Idrottsvägen 2, Mölnlycke,"]
[Date "2016.08.17"]
[Round "7.3"]
[White "Hultin, Johan"]
[Black "Westerberg, Jonathan"]
[Result "0-1"]
[WhiteElo "2340"]
[BlackElo "2488"]
[PlyCount "98"]
[EventDate "2016.08.13"]

1. d4 Nf6 2. c4 e6 3. Nc3 Bb4 4. e3 O-O 5. Nge2 Re8 6. a3 Bf8 7. Ng3 d5 8. Be2
b6 9. O-O Ba6 10. b4 Bxc4 11. Bxc4 dxc4 12. Qe2 c5 13. dxc5 bxc5 14. Rd1 Nbd7
15. b5 a6 16. Qxc4 Qc8 17. Nge4 Nd5 18. bxa6 N7b6 19. Qd3 Qxa6 20. Qc2 f5 21.
Nxd5 exd5 22. Ng5 Qa4 23. Qe2 h6 24. Nf3 f4 25. Rb1 fxe3 26. Bxe3 Nc4 27. Rxd5
Nxe3 28. fxe3 Qe4 29. Rbd1 Qxe3+ 30. Qxe3 Rxe3 31. Ne5 Rexa3 32. Rd8 Kh7 33.
Kf2 Be7 34. Rxa8 Rxa8 35. Rc1 Bd6 36. Nd3 Rf8+ 37. Ke2 Rc8 38. Rc4 Kg6 39. Kf3
Kf6 40. h3 Ke6 41. Ke4 Be7 42. Nf4+ Kd6 43. g4 Bg5 44. Nd3 g6 45. Kf3 Kd5 46.
Rc2 Kd4 47. Nb2 c4 48. Kg3 c3 49. Nd1 Kd3 0-1

[Event "Manhem Chessweek GM"]
[Site "Idrottsvägen 2, Mölnlycke,"]
[Date "2016.08.17"]
[Round "7.4"]
[White "Johansson, Linus"]
[Black "Brüdigam, Martin"]
[Result "1/2-1/2"]
[WhiteElo "2412"]
[BlackElo "2405"]
[PlyCount "65"]
[EventDate "2016.08.13"]

1. d4 Nf6 2. c4 e6 3. Nc3 Bb4 4. e3 O-O 5. Nge2 Re8 6. a3 Bf8 7. Ng3 d5 8. Be2
dxc4 9. O-O c5 10. dxc5 Bxc5 11. Bxc4 a6 12. b4 Be7 13. Bb2 b5 14. Bb3 Bb7 15.
Qe2 Qb6 16. Kh1 Nbd7 17. e4 a5 18. e5 axb4 19. axb4 Nd5 20. Nxd5 Bxd5 21. Bxd5
exd5 22. Rad1 Ra2 23. Rxd5 Qc6 24. Rd2 Bxb4 25. Rc2 Qg6 26. f4 Ba3 27. f5 Qa6
28. Bxa3 Rxc2 29. Qxc2 Qxa3 30. e6 Nf6 31. Qc6 Qd3 32. Rc1 Qd5 33. Qxd5 1/2-1/2

[Event "Manhem Chessweek GM"]
[Site "Idrottsvägen 2, Mölnlycke,"]
[Date "2016.08.17"]
[Round "7.5"]
[White "Golubka, Petro"]
[Black "Greenfeld, Alon"]
[Result "0-1"]
[WhiteElo "2373"]
[BlackElo "2568"]
[PlyCount "82"]
[EventDate "2016.08.13"]

1. e4 c5 2. Nf3 d6 3. d4 cxd4 4. Nxd4 Nf6 5. Nc3 Nc6 6. Bg5 e6 7. Qd2 Be7 8.
O-O-O a6 9. f4 Bd7 10. Nf3 b5 11. Bxf6 gxf6 12. f5 Qb6 13. Kb1 O-O-O 14. Bd3
Kb8 15. Rhf1 Bc8 16. g4 Rdg8 17. h3 h5 18. Rg1 hxg4 19. Rxg4 Rd8 20. a4 Ne5 21.
Nxe5 dxe5 22. fxe6 fxe6 23. axb5 axb5 24. Rg7 Rd7 25. Nxb5 Rxh3 26. Qg2 Rh8 27.
Qf1 Rhd8 28. Rxe7 Rxe7 29. Qxf6 Qc5 30. Rh1 Rxd3 31. cxd3 Rb7 32. Qd8 Qxb5 33.
Qd6+ Ka8 34. Qa3+ Kb8 35. Qd6+ Ka8 36. Qa3+ Ra7 37. Qc3 Kb8 38. Rh8 Rc7 39. Qa3
Rd7 40. Kc2 Qb6 41. Rf8 Ra7 0-1

[Event "Manhem Chessweek GM"]
[Site "Idrottsvägen 2, Mölnlycke,"]
[Date "2016.08.18"]
[Round "8.1"]
[White "Brüdigam, Martin"]
[Black "Antonsen, Mikkel"]
[Result "1/2-1/2"]
[WhiteElo "2405"]
[BlackElo "2475"]
[PlyCount "75"]
[EventDate "2016.08.13"]

1. e4 e5 2. Nf3 Nc6 3. Bc4 Bc5 4. b4 Bxb4 5. c3 Be7 6. d4 Na5 7. Nxe5 Nxc4 8.
Nxc4 d5 9. exd5 Qxd5 10. Ne3 Qa5 11. O-O Nf6 12. c4 O-O 13. Bd2 Qa6 14. Nc3 c6
15. Qf3 Rd8 16. d5 Bf8 17. Rfd1 Bd7 18. Be1 Rac8 19. Rab1 Bc5 20. d6 b6 21. Ne4
Nxe4 22. Qxe4 Re8 23. Qf4 Bxe3 24. fxe3 Qa3 25. Rb3 Qxa2 26. Rbd3 Re6 27. Bc3
Rg6 28. R3d2 Qb3 29. Qd4 Rg4 30. e4 Re8 31. Rb2 Qa3 32. Re2 Qb3 33. Rb2 Qa4 34.
c5 Qxd4+ 35. Bxd4 Rgxe4 36. cxb6 axb6 37. Rxb6 Rd8 38. Rb7 1/2-1/2

[Event "Manhem Chessweek GM"]
[Site "Idrottsvägen 2, Mölnlycke,"]
[Date "2016.08.18"]
[Round "8.2"]
[White "Greenfeld, Alon"]
[Black "Salomon, Johan"]
[Result "1/2-1/2"]
[WhiteElo "2568"]
[BlackElo "2470"]
[PlyCount "24"]
[EventDate "2016.08.13"]

1. Nf3 Nf6 2. c4 b6 3. g3 Bb7 4. d4 c5 5. d5 b5 6. Bg2 bxc4 7. Nc3 d6 8. Nd2 g6
9. Nxc4 Nbd7 10. b3 Bg7 11. Bb2 Ba6 12. Rc1 Bxc4 1/2-1/2

[Event "Manhem Chessweek GM"]
[Site "Idrottsvägen 2, Mölnlycke,"]
[Date "2016.08.18"]
[Round "8.3"]
[White "Rozentalis, Eduardas"]
[Black "Johansson, Linus"]
[Result "1-0"]
[WhiteElo "2557"]
[BlackElo "2412"]
[PlyCount "89"]
[EventDate "2016.08.13"]

1. e4 e6 2. d4 d5 3. e5 c5 4. c3 Qb6 5. Nf3 Nc6 6. a3 Bd7 7. b4 cxd4 8. cxd4
Rc8 9. Be2 Nge7 10. O-O Nf5 11. Be3 Be7 12. Kh1 O-O 13. Bd3 Nxe3 14. fxe3 Nb8
15. Ra2 Bb5 16. Raf2 Qa6 17. Ne1 Nd7 18. Bxb5 Qxb5 19. Nd3 Nb6 20. Nf4 Bg5 21.
h3 Qc4 22. Kh2 Bxf4+ 23. Rxf4 Nd7 24. Qh5 Qd3 25. Rxf7 Qxe3 26. R1f3 Qxd4 27.
Rxd7 Rxf3 28. Qxf3 Qxe5+ 29. Qg3 Qxg3+ 30. Kxg3 Rc2 31. Kf4 b5 32. Ke5 Re2+ 33.
Kd4 a6 34. g4 Rb2 35. Nc3 Rb3 36. Ne2 g5 37. Ke5 h5 38. Nd4 Rxh3 39. Nxe6 hxg4
40. Rd8+ Kf7 41. Rd7+ Kg8 42. Kf5 Rh6 43. Rg7+ Kh8 44. Rxg5 Rh3 45. Kg6 1-0

[Event "Manhem Chessweek GM"]
[Site "Idrottsvägen 2, Mölnlycke,"]
[Date "2016.08.18"]
[Round "8.4"]
[White "Westerberg, Jonathan"]
[Black "Blomqvist, Erik"]
[Result "1-0"]
[WhiteElo "2488"]
[BlackElo "2557"]
[PlyCount "79"]
[EventDate "2016.08.13"]

1. d4 d5 2. c4 c6 3. cxd5 cxd5 4. Nc3 Nf6 5. Bf4 Nc6 6. e3 Bf5 7. Qb3 Na5 8.
Qa4+ Bd7 9. Qc2 e6 10. Bd3 Nc6 11. Qe2 Be7 12. h3 Rc8 13. Nf3 Nb4 14. Bb1 Ne4
15. O-O Nxc3 16. bxc3 Rxc3 17. a3 Qa5 18. Qb2 Nc6 19. e4 Rxa3 20. Rxa3 Bxa3 21.
Qxb7 Qb6 22. Qa8+ Nd8 23. exd5 O-O 24. Qb8 exd5 25. Qe5 Ne6 26. Be3 Bb5 27. Re1
Rd8 28. Qh5 g6 29. Qh4 Bf8 30. Bh6 Bxh6 31. Qxh6 Re8 32. Re5 a5 33. Ba2 Nf8 34.
Bxd5 Bc6 35. Ng5 Qxd4 36. Bxf7+ Kh8 37. Rxe8 Qd1+ 38. Kh2 Qd6+ 39. g3 Bxe8 40.
Bxe8 1-0

[Event "Manhem Chessweek GM"]
[Site "Idrottsvägen 2, Mölnlycke,"]
[Date "2016.08.18"]
[Round "8.5"]
[White "Golubka, Petro"]
[Black "Hultin, Johan"]
[Result "1-0"]
[WhiteElo "2373"]
[BlackElo "2340"]
[PlyCount "71"]
[EventDate "2016.08.13"]

1. d4 Nf6 2. c4 g6 3. Nc3 d5 4. cxd5 Nxd5 5. e4 Nxc3 6. bxc3 Bg7 7. Be3 c5 8.
Nf3 Qa5 9. Qd2 O-O 10. Rc1 Rd8 11. d5 Bg4 12. Ng5 Na6 13. h3 Bd7 14. Be2 Bb5
15. c4 Qxd2+ 16. Kxd2 Be8 17. Rb1 b6 18. f4 e6 19. g4 h6 20. Nf3 f5 21. e5 exd5
22. cxd5 Rxd5+ 23. Ke1 Nb4 24. Bc4 Bf7 25. Ke2 fxg4 26. hxg4 Re8 27. a3 Nc2 28.
Bxd5 Bxd5 29. Rhd1 Nxa3 30. Rxd5 Nxb1 31. Kd3 Na3 32. f5 c4+ 33. Kd2 h5 34. f6
hxg4 35. Ng5 c3+ 36. Kd3 1-0

[Event "Manhem Chessweek GM"]
[Site "Idrottsvägen 2, Mölnlycke,"]
[Date "2016.08.19"]
[Round "9.1"]
[White "Salomon, Johan"]
[Black "Brüdigam, Martin"]
[Result "1-0"]
[WhiteElo "2470"]
[BlackElo "2405"]
[PlyCount "93"]
[EventDate "2016.08.13"]

1. Nf3 Nf6 2. g3 e6 3. Bg2 b6 4. O-O Bb7 5. d3 d5 6. c4 Nbd7 7. cxd5 exd5 8.
Nc3 Be7 9. Bf4 O-O 10. Nb5 c5 11. Nd6 Bc6 12. Nf5 d4 13. Bc7 Qxc7 14. Nxe7+ Kh8
15. Nxc6 Qxc6 16. Nxd4 Qd6 17. Nb5 Qe5 18. Bxa8 Rxa8 19. Nc3 Ng4 20. Kg2 h5 21.
Qa4 Ndf6 22. h3 Nh6 23. Qf4 Qe6 24. Qe3 Qd7 25. Qf3 Re8 26. e4 b5 27. Rfe1 b4
28. Nd5 Nxd5 29. exd5 Rd8 30. Qxh5 Qxd5+ 31. Qxd5 Rxd5 32. g4 f5 33. g5 Nf7 34.
f4 Kh7 35. Rad1 a5 36. b3 Nh8 37. Re5 Ng6 38. Rxd5 Nxf4+ 39. Kf3 Nxd5 40. Re1
Nc3 41. Re5 a4 42. bxa4 Nxa4 43. Rxf5 Kg6 44. Kg4 Kh7 45. h4 g6 46. Rf7+ Kg8
47. Rc7 1-0

[Event "Manhem Chessweek GM"]
[Site "Idrottsvägen 2, Mölnlycke,"]
[Date "2016.08.19"]
[Round "9.2"]
[White "Hultin, Johan"]
[Black "Greenfeld, Alon"]
[Result "0-1"]
[WhiteElo "2340"]
[BlackElo "2568"]
[PlyCount "44"]
[EventDate "2016.08.13"]

1. d4 e6 2. c4 b6 3. e4 Bb7 4. Bd3 Bb4+ 5. Kf1 Be7 6. Nc3 d6 7. f4 e5 8. fxe5
dxe5 9. d5 Nf6 10. Nf3 Nbd7 11. g3 O-O 12. Kg2 c6 13. Nh4 cxd5 14. exd5 b5 15.
Nxb5 Nxd5 16. cxd5 Bxd5+ 17. Kh3 Nc5 18. Be2 Bxh4 19. gxh4 Qd7+ 20. Bg4 f5 21.
Bf3 Bxf3 22. Qxf3 f4+ 0-1

[Event "Manhem Chessweek GM"]
[Site "Idrottsvägen 2, Mölnlycke,"]
[Date "2016.08.19"]
[Round "9.3"]
[White "Blomqvist, Erik"]
[Black "Golubka, Petro"]
[Result "1/2-1/2"]
[WhiteElo "2557"]
[BlackElo "2373"]
[PlyCount "71"]
[EventDate "2016.08.13"]

1. e4 c5 2. Nf3 d6 3. Bb5+ Bd7 4. Bxd7+ Qxd7 5. c4 Nc6 6. d4 cxd4 7. Nxd4 Nf6
8. Nc3 g6 9. f3 Bg7 10. Be3 O-O 11. O-O Rfc8 12. b3 Qd8 13. Rc1 a6 14. Nxc6
Rxc6 15. a4 e6 16. Rf2 Qe7 17. Rd2 Rac8 18. Bg5 Qc7 19. Kh1 Nd7 20. Bf4 Bf8 21.
Rb1 Qa5 22. Ne2 Ne5 23. Nd4 Rb6 24. Ra2 Nc6 25. Bd2 Nb4 26. Nc2 d5 27. exd5
exd5 28. Ne3 Qc5 29. Bxb4 Qxe3 30. Re2 Qg5 31. Bc3 Bg7 32. Bxg7 Kxg7 33. Qd4+
Qf6 34. Qxd5 Rxb3 35. Rbe1 Rd8 36. Qc5 1/2-1/2

[Event "Manhem Chessweek GM"]
[Site "Idrottsvägen 2, Mölnlycke,"]
[Date "2016.08.19"]
[Round "9.5"]
[White "Antonsen, Mikkel"]
[Black "Rozentalis, Eduardas"]
[Result "0-1"]
[WhiteElo "2475"]
[BlackElo "2557"]
[PlyCount "102"]
[EventDate "2016.08.13"]

1. d4 Nf6 2. c4 e6 3. Nc3 Bb4 4. Qc2 O-O 5. Nf3 d6 6. Bg5 Nbd7 7. e3 e5 8. Be2
Re8 9. O-O Bxc3 10. bxc3 Nf8 11. Rad1 h6 12. Bh4 Ng6 13. Bg3 e4 14. Nd2 Bf5 15.
Qb2 Qc8 16. Rb1 b6 17. Rfe1 Bg4 18. Bxg4 Qxg4 19. Qb5 Qd7 20. Qxd7 Nxd7 21. a4
f5 22. a5 Rac8 23. Ra1 Ne7 24. axb6 axb6 25. Ra4 g5 26. h3 Kf7 27. Nb3 Ng6 28.
Ra7 f4 29. Bh2 Nf6 30. Rea1 Re7 31. Rb7 Ke8 32. Ra6 Nd7 33. Nd2 Kd8 34. Nb1 Nb8
35. Ra1 Nc6 36. Nd2 Na5 37. Ra7 Nc6 38. Ra8 Kd7 39. Rxc8 Kxc8 40. c5 bxc5 41.
dxc5 d5 42. Nb3 Rf7 43. Nd4 Nge5 44. exf4 gxf4 45. Ne6 Nd3 46. Ra6 Nb8 47. Ra2
Rf6 48. Nd4 Nxc5 49. Ra5 Nbd7 50. Ra8+ Kb7 51. Rd8 Nb6 0-1